Welcome to WEB OPAC of MRSPTU Central Library

Pulse digital circuits and computer fundamentals  (Record no. 3218)

MARC details
000 -LEADER
fixed length control field 00391nam a2200145Ia 4500
008 - FIXED-LENGTH DATA ELEMENTS--GENERAL INFORMATION
fixed length control field 230711s9999||||xx |||||||||||||| ||und||
041 ## - LANGUAGE CODE
Language code of text/sound track or separate title ENG
082 ## - DEWEY DECIMAL CLASSIFICATION NUMBER
Classification number 4
Item number VE-P
100 ## - MAIN ENTRY--PERSONAL NAME
Personal name Venkataraman,R
245 #0 - TITLE STATEMENT
Title Pulse digital circuits and computer fundamentals 
250 ## - EDITION STATEMENT
Edition statement 3rd Ed.
260 ## - PUBLICATION, DISTRIBUTION, ETC.
Date of publication, distribution, etc. 1994
Place of publication, distribution, etc. New Delhi
Name of publisher, distributor, etc. Dhanpat Rai & Co.(Pvt.)Ltd.
650 ## - SUBJECT ADDED ENTRY--TOPICAL TERM
Topical term or geographic name entry element Electrical Engineering
942 ## - ADDED ENTRY ELEMENTS (KOHA)
Koha item type Book
Holdings
Withdrawn status Lost status Damaged status Not for loan Collection Home library Current library Date acquired Total checkouts Full call number Barcode Date last seen Price effective from Koha item type
          MRSPTU Central Library MRSPTU Central Library     4 VE-P 11889 08/17/2023 08/17/2023 Book
          MRSPTU Central Library MRSPTU Central Library     4 VE-P 11890 08/17/2023 08/17/2023 Book
          MRSPTU Central Library MRSPTU Central Library     4 VE-P 11891 08/17/2023 08/17/2023 Book
          MRSPTU Central Library MRSPTU Central Library     4 VE-P 11892 08/17/2023 08/17/2023 Book
          MRSPTU Central Library MRSPTU Central Library     4 VE-P 11893 08/17/2023 08/17/2023 Book

Website Designed and Developed by MRSPTU Central Library Team

E-mail Id: librarian@mrsptu.ac.in